000 00740 a2200229 4500
003 CBULib
005 20260630102713.0
008 260630b |||||||| |||| 00| 0 eng d
040 _aCBULib
_bEnglish
_cCBULib
_erda
041 _aeng
050 _aBOZ(058)SPR/2020
100 _aBank of Zambia
110 _95574
_aBank of Zambia(BOZ)
245 _aFINSCOPE Zambia : 2020 survey provincial report : western province
_c/ by Bank of Zambia(BOZ)
260 _c2020.
_aLusaka :
_bBank of Zambia,
300 _aviii, 83 pages : illustrations
336 _2rdacontent
_aText |
_btxt
337 _2rdamedia
_aUnmediated |
_bn
338 _2rdacarrier
_aVolume
_bnc
650 0 _95680
_aBANKS AND BANKING--ZAMBIA--STATISTICS
942 _2mc
_c021
999 _c86724
_d86724